|
|
|
|
| LEADER |
01865nam a2200457 i 4500 |
| 001 |
EBC4082255 |
| 003 |
MiAaPQ |
| 005 |
20200520144314.0 |
| 006 |
m o d | |
| 007 |
cr cnu|||||||| |
| 008 |
151119s2015 enka ob 001 0 eng|d |
| 020 |
|
|
|z 9781137572097
|
| 020 |
|
|
|a 9781137572103 (e-book)
|
| 035 |
|
|
|a (MiAaPQ)EBC4082255
|
| 035 |
|
|
|a (Au-PeEL)EBL4082255
|
| 035 |
|
|
|a (CaPaEBR)ebr11118358
|
| 035 |
|
|
|a (CaONFJC)MIL832419
|
| 035 |
|
|
|a (OCoLC)936281963
|
| 040 |
|
|
|a MiAaPQ
|b eng
|e rda
|e pn
|c MiAaPQ
|d MiAaPQ
|
| 050 |
|
4 |
|a HD82
|b .I85 2015
|
| 100 |
1 |
|
|a Saiful Islam, M.,
|e author.
|
| 245 |
1 |
0 |
|a Pursuing alternative development :
|b indigenous people, ethnic organization and agency /
|c M. Saiful Islam, Assistant Professor, Department of Development Studies, University of Dhaka, Bangladesh.
|
| 264 |
|
1 |
|a Basingstoke, Hampshire :
|b Palgrave Macmillan,
|c 2015.
|
| 300 |
|
|
|a 1 online resource (154 pages) :
|b illustrations.
|
| 336 |
|
|
|a text
|2 rdacontent
|
| 337 |
|
|
|a computer
|2 rdamedia
|
| 338 |
|
|
|a online resource
|2 rdacarrier
|
| 490 |
1 |
|
|a Palgrave pivot
|
| 504 |
|
|
|a Includes bibliographical references and index.
|
| 588 |
|
|
|a Description based on online resource; title from PDF title page (ebrary, viewed November 18, 2015).
|
| 590 |
|
|
|a Electronic reproduction. Ann Arbor, MI : ProQuest, 2015. Available via World Wide Web. Access may be limited to ProQuest affiliated libraries.
|
| 650 |
|
0 |
|a Economic development.
|
| 650 |
|
0 |
|a Sustainable development.
|
| 650 |
|
0 |
|a Non-governmental organizations
|z Developing countries.
|
| 650 |
|
0 |
|a Indigenous peoples
|x Education.
|
| 650 |
|
0 |
|a Ethnology.
|
| 650 |
|
0 |
|a Ethnic groups.
|
| 655 |
|
4 |
|a Electronic books.
|
| 797 |
2 |
|
|a ProQuest (Firm)
|
| 830 |
|
0 |
|a Palgrave pivot.
|
| 856 |
4 |
0 |
|u https://ebookcentral.proquest.com/lib/matrademy/detail.action?docID=4082255
|z Click to View
|